Riziká spoločnej menovej politiky v rámci Európskej menovej únie

Guardado en:
Detalles Bibliográficos
Autor principal: Martincová, Marta, 1955-
Otros Autores: Muchová, Eva, 1961-
Formato: Capítulo de libro
Lenguaje:eslovaco
Etiquetas: Agregar Etiqueta
Sin Etiquetas, Sea el primero en etiquetar este registro!

MARC

LEADER 00000naa$a2200000$$$4500
001 0108313
005 20240502072208.6
041 0 |a slo 
044 |a SK 
245 1 0 |a Riziká spoločnej menovej politiky v rámci Európskej menovej únie  |c Marta Martincová, Eva Muchová 
100 1 |a Martincová, Marta, 1955- 
700 1 |a Muchová, Eva, 1961-